000 00375nam a22001337a 4500
999 _c172024
_d172024
005 20200124164628.0
008 200124b ||||| |||| 00| 0 eng d
040 _adpl
245 _aThe dawn
260 _akolkata
_bThe National Council of Education, Bengal
300 _av.
_c29 cm.
270 _a188, Raja Subodh Mullick Road
_bkolkata
_dIndia
_e700032
942 _2ddc
_cSR
_s1